[Event "EUR-chT Seniors 50"]
[Site "Mali Losinj"]
[Date "2019.09.22"]
[Round "5.4"]
[White "Tirkajla, Boris"]
[Black "Salter, David A"]
[Result "1-0"]
[WhiteElo "2060"]
[BlackElo "1882"]
[PlyCount "73"]
[EventDate "2019.09.18"]
[EventType "team-swiss"]
[EventRounds "9"]
[EventCountry "CRO"]
[SourceTitle "EXT 2020"]
[Source "ChessBase"]
[SourceDate "2019.10.17"]
[SourceVersion "1"]
[SourceVersionDate "2019.10.17"]
[SourceQuality "1"]
[WhiteTeam "Croatia 50 II"]
[BlackTeam "Ireland 50"]
[WhiteTeamCountry "CRO"]
[BlackTeamCountry "IRL"]

1. f4 f5 2. b3 Nf6 3. Nf3 e6 4. Bb2 Be7 5. g3 0-0 6. Bg2 d6 7. 0-0 Nc6 8. e3 Bd7 9. Qe2 Qe8 10. Nc3 e5 11. fxe5 dxe5 12. Nb5 Bd8 13. Ba3 Ne7 14. Nc3 e4 15. Nd4 Rf7 16. Bxe7 Qxe7 17. Nxf5 Qe5 18. Bh3 c6 19. Qg2 Ba5 20. Nd4 c5 21. Nde2 Rd8 22. Rad1 g5 23. Bxd7 Rfxd7 24. Rxf6 Qxf6 25. Nxe4 Qe5 26. d3 Rf7 27. g4 b5 28. N2g3 Rg7 29. Rf1 Rf8 30. Nf5 Rg6 31. Qf3 Kh8 32. Neg3 Bc7 33. Rf2 Ra6 34. d4 cxd4 35. exd4 Qe8 36. d5 Bb6 37. Qc3+ 1-0

[Event "Dublin Easter e2e4 op"]
[Site "Dublin"]
[Date "2012.04.09"]
[Round "9"]
[White "Alfredsen, John Rune"]
[Black "Salter, David A"]
[Result "1/2-1/2"]
[WhiteElo "2077"]
[BlackElo "1897"]
[PlyCount "51"]
[EventDate "2012.04.05"]
[EventType "swiss"]
[EventRounds "9"]
[EventCountry "IRL"]
[SourceTitle "CBM 147 Extra"]
[Source "ChessBase"]
[SourceDate "2012.04.24"]
[SourceVersion "1"]
[SourceVersionDate "2012.04.24"]
[SourceQuality "1"]

1. e4 e6 2. d4 d5 3. Nd2 Nc6 4. Ngf3 Nf6 5. e5 Nd7 6. c3 f6 7. exf6 Qxf6 8. Be2 Bd6 9. 0-0 0-0 10. Nb3 Nb6 11. Bg5 Qf7 12. Bh4 e5 13. dxe5 Nxe5 14. Nbd4 Nxf3+ 15. Bxf3 Bd7 16. b3 c6 17. a4 a5 18. Bg3 Bxg3 19. fxg3 Qg6 20. Ra2 Kh8 21. Raf2 Qg5 22. Nc2 Rae8 23. Qd4 Qd8 24. g4 Nc8 25. g3 Qb6 26. Qxb6 1/2-1/2

[Event "Dublin Easter e2e4 op"]
[Site "Dublin"]
[Date "2012.04.09"]
[Round "8"]
[White "O'Donnell, Conor"]
[Black "Salter, David A"]
[Result "0-1"]
[WhiteElo "1804"]
[BlackElo "1897"]
[PlyCount "108"]
[EventDate "2012.04.05"]
[EventType "swiss"]
[EventRounds "9"]
[EventCountry "IRL"]
[SourceTitle "CBM 147 Extra"]
[Source "ChessBase"]
[SourceDate "2012.04.24"]
[SourceVersion "1"]
[SourceVersionDate "2012.04.24"]
[SourceQuality "1"]

1. e4 e6 2. Nf3 d5 3. Nc3 Nf6 4. e5 Nfd7 5. d4 c5 6. dxc5 Nc6 7. Bf4 Bxc5 8. Bd3 f6 9. exf6 Nxf6 10. 0-0 0-0 11. Ne5 Qe8 12. Qe2 Qh5 13. Rae1 Qxe2 14. Rxe2 Nh5 15. Bd2 Nf4 16. Bxf4 Rxf4 17. g3 Rf6 18. Na4 Bd6 19. Ng4 Rf7 20. f4 Bd7 21. Nc3 a6 22. a3 Raf8 23. Ree1 h5 24. Ne5 Nxe5 25. fxe5 Rxf1+ 26. Bxf1 Bc5+ 27. Kh1 Rf2 28. Bd3 Be8 29. h4 g6 30. Ne2 Bb5 31. Bxb5 axb5 32. c3 Kf7 33. Nf4 Bb6 34. Ne2 Be3 35. Ng1 Bh6 36. Re2 Rxe2 37. Nxe2 Bg7 38. Kg2 Bxe5 39. Kf3 Kf6 40. Nc1 Kf5 41. Nb3 b6 42. Na1 Bd6 43. Nc2 e5 44. Ne3+ Ke6 45. Nc2 Bf8 46. Na1 Bh6 47. Nb3 Kf5 48. Kf2 Ke4 49. Ke2 Be3 50. Ke1 Kf3 51. Na1 Bf2+ 52. Kf1 Bxg3 53. Nc2 Bxh4 54. Nb4 Ke4 0-1

[Event "EU-Cup 24th"]
[Site "Kallithea"]
[Date "2008.10.21"]
[Round "5"]
[White "Gilbert, Colin"]
[Black "Salter, David A"]
[Result "1-0"]
[WhiteElo "1865"]
[BlackElo "1953"]
[PlyCount "119"]
[EventDate "2008.10.17"]
[EventType "team-swiss"]
[EventRounds "7"]
[EventCountry "GRE"]
[SourceTitle "CBM 127"]
[Source "ChessBase"]
[SourceDate "2008.11.13"]
[SourceVersion "1"]
[SourceVersionDate "2008.11.13"]
[SourceQuality "1"]
[WhiteTeam "Cwmbran"]
[BlackTeam "Phibsboro"]
[WhiteTeamCountry "WLS"]
[BlackTeamCountry "IRL"]

1. Nf3 e6 2. c4 f5 3. d4 Nf6 4. Nc3 Be7 5. g3 0-0 6. Bg2 d6 7. Qc2 Nc6 8. Bg5 h6 9. Bxf6 Bxf6 10. Rd1 Qe8 11. d5 Na5 12. Nb5 exd5 13. Nxc7 Qe4 14. Qxe4 dxe4 15. Nxa8 exf3 16. Bxf3 Bxb2 17. Bd5+ Kh8 18. Nc7 a6 19. Be6 Ba3 20. Rd3 Bb4+ 21. Kf1 Bxe6 22. Nxe6 Rc8 23. a3 Bc5 24. Nxc5 Rxc5 25. Rxd6 Nxc4 26. Rd7 b5 27. Ra7 Rc6 28. Kg2 Nxa3 29. Rd1 Nc4 30. Rdd7 Rg6 31. Rd8+ Kh7 32. Rb8 Rc6 33. Rbb7 Rg6 34. Kf3 Na5 35. Rc7 Nb3 36. Ke3 Na5 37. Kd4 Nc4 38. Kc5 Na5 39. h4 h5 40. Rc8 Nb3+ 41. Kb4 Nd4 42. Raa8 Rf6 43. e3 Nc6+ 44. Kc5 Ne5 45. Kd5 Nc4 46. Rh8+ Kg6 47. Ra7 Nb6+ 48. Kc5 Na4+ 49. Kb4 Nb2 50. Rg8 Kh7 51. Rgxg7+ Kh8 52. Rge7 Kg8 53. Re8+ Rf8 54. Rxf8+ Kxf8 55. Rxa6 Nd3+ 56. Kxb5 Nxf2 57. Rf6+ Kg7 58. Rxf5 Ng4 59. Rg5+ Kh6 60. Rxg4 1-0

[Event "IRL-ch"]
[Site "Dublin"]
[Date "2007.07.07"]
[Round "8"]
[White "Normoyle, Liam"]
[Black "Salter, David A"]
[Result "1/2-1/2"]
[WhiteElo "1757"]
[BlackElo "1917"]
[PlyCount "38"]
[EventDate "2007.06.30"]
[EventType "swiss"]
[EventRounds "9"]
[EventCountry "IRL"]
[SourceTitle "CBM 119 Extra"]
[Source "ChessBase"]
[SourceDate "2007.09.04"]
[SourceVersion "1"]
[SourceVersionDate "2007.09.04"]
[SourceQuality "1"]

1. e4 e6 2. d4 d5 3. Nd2 Nc6 4. Ngf3 Nf6 5. e5 Nd7 6. Bb5 a6 7. Bxc6 bxc6 8. 0-0 Be7 9. Re1 0-0 10. Nf1 c5 11. c3 cxd4 12. Nxd4 Bb7 13. Ng3 c5 14. Nf3 Rc8 15. b3 a5 16. Be3 f5 17. Qd2 Qe8 18. Bg5 h6 19. Bxe7 Qxe7 1/2-1/2

[Event "IRL-ch"]
[Site "Dublin"]
[Date "2007.07.01"]
[Round "2"]
[White "Short, Philip M"]
[Black "Salter, David A"]
[Result "1-0"]
[WhiteElo "2277"]
[BlackElo "1917"]
[PlyCount "83"]
[EventDate "2007.06.30"]
[EventType "swiss"]
[EventRounds "9"]
[EventCountry "IRL"]
[SourceTitle "CBM 119 Extra"]
[Source "ChessBase"]
[SourceDate "2007.09.04"]
[SourceVersion "1"]
[SourceVersionDate "2007.09.04"]
[SourceQuality "1"]

1. d4 e6 2. c4 f5 3. g3 Nf6 4. Bg2 Be7 5. e3 0-0 6. Ne2 d6 7. Nbc3 e5 8. 0-0 Kh8 9. b3 Qe8 10. dxe5 dxe5 11. Bb2 Nc6 12. Nd5 Bd8 13. Nec3 Be6 14. Qe2 Bf7 15. Nxf6 Bxf6 16. Nd5 Bd8 17. Rad1 Rb8 18. Rd2 e4 19. f3 Bh5 20. g4 exf3 21. Qxf3 Bxg4 22. Qg3 Qg6 23. Nf4 Qh6 24. Rd7 Rg8 25. h3 Bh5 26. Qh2 Bh4 27. Bd5 Be8 28. Rxc7 Bd8 29. Bxg8 Bxc7 30. Bd5 Ne5 31. Qg2 Bc6 32. Ne6 Bd6 33. Ng5 Rf8 34. Rd1 Qf6 35. Ne6 Re8 36. Qxg7+ Qxg7+ 37. Nxg7 Kxg7 38. Bxc6 bxc6 39. Rxd6 Kf7 40. Bxe5 Rxe5 41. Kf2 Ra5 42. a4 1-0

[Event "EU-Cup 21st"]
[Site "Saint Vincent"]
[Date "2005.09.20"]
[Round "3.5"]
[White "Marechal, Andy"]
[Black "Salter, David A"]
[Result "1-0"]
[WhiteElo "2288"]
[BlackElo "2370"]
[PlyCount "131"]
[EventDate "2005.09.18"]
[EventType "team-swiss"]
[EventRounds "7"]
[EventCountry "ITA"]
[SourceTitle "CBM 110"]
[Source "ChessBase"]
[SourceDate "2006.01.31"]
[SourceVersion "1"]
[SourceVersionDate "2006.01.31"]
[SourceQuality "1"]
[WhiteTeam "Eupen Rochade"]
[BlackTeam "Phibsboro"]
[WhiteTeamCountry "BEL"]
[BlackTeamCountry "IRL"]

1. e4 e6 2. d4 d5 3. Nd2 dxe4 4. Nxe4 Be7 5. Nf3 Nf6 6. Bd3 Nbd7 7. Qe2 c5 8. Nxc5 Nxc5 9. dxc5 Qa5+ 10. Bd2 Qxc5 11. 0-0-0 Bd7 12. Ne5 Bc6 13. Rhg1 Nd7 14. f4 Nxe5 15. fxe5 0-0-0 16. Rgf1 Rxd3 17. Qxd3 Bb5 18. Qe4 Bxf1 19. Rxf1 Rf8 20. Be3 Qa5 21. Kb1 g6 22. a3 Qb5 23. c4 Qb3 24. Rf3 Rd8 25. Bc1 Qb6 26. Ka2 Rd4 27. Qe2 Qc6 28. Rxf7 Rxc4 29. Rxe7 Rxc1 30. Qd3 Rc5 31. Rxh7 Rd5 32. Qe4 Qb5 33. Rh3 Rxe5 34. Rc3+ Kb8 35. Qf4 Qd5+ 36. Ka1 Qd6 37. Rc1 Rd5 38. Qxd6+ Rxd6 39. Rc5 Rd5 40. Rc3 Re5 41. Ka2 b5 42. Kb3 Kb7 43. h3 Kb6 44. Rg3 g5 45. Kc3 a5 46. Kd4 Rd5+ 47. Ke4 Kc5 48. Rc3+ Kd6 49. Rd3 Rxd3 50. Kxd3 Ke5 51. g3 Kf5 52. b3 Ke5 53. Ke3 Kf5 54. Kf3 g4+ 55. hxg4+ Kg5 56. Ke4 Kxg4 57. Ke5 Kxg3 58. Kxe6 b4 59. axb4 axb4 60. Kd5 Kf4 61. Kc4 Ke5 62. Kxb4 Kd6 63. Kb5 Kc7 64. Ka6 Kb8 65. Kb6 Ka8 66. b4 1-0

[Event "IRL-ch"]
[Site "Dublin"]
[Date "2005.07.12"]
[Round "4"]
[White "Beveridge, Allan"]
[Black "Salter, David A"]
[Result "1-0"]
[WhiteElo "2128"]
[BlackElo "2370"]
[PlyCount "69"]
[EventDate "2005.07.09"]
[EventType "swiss"]
[EventRounds "9"]
[EventCountry "IRL"]
[SourceTitle "CBM 107 Extra"]
[Source "ChessBase"]
[SourceDate "2005.09.01"]
[SourceVersion "1"]
[SourceVersionDate "2005.09.01"]
[SourceQuality "1"]

1. d4 e6 2. Nf3 f5 3. Bf4 Nf6 4. e3 b6 5. Nbd2 Bb7 6. Bd3 Be7 7. Qe2 Ne4 8. 0-0-0 0-0 9. h3 c5 10. Rhg1 d5 11. c3 c4 12. Bxe4 fxe4 13. Ne5 Nc6 14. f3 Nxe5 15. Bxe5 exf3 16. gxf3 Bf6 17. Bxf6 Qxf6 18. f4 b5 19. Rg5 a5 20. Rdg1 Rf7 21. Nf3 Bc8 22. Ne5 Rb7 23. Qc2 Qh6 24. Ng4 Qxh3 25. Rh5 Qf3 26. Qxh7+ Kf8 27. Rg5 Rf7 28. Qh8+ Ke7 29. Rxg7 Rxg7 30. Qxg7+ Kd6 31. Qf8+ Kc7 32. Qc5+ Kb8 33. Qb6+ Bb7 34. Nf2 Qxe3+ 35. Kb1 1-0

[Event "Antonio Roura mem-B corr"]
[Site "LADAC Email"]
[Date "2001.09.30"]
[Round "?"]
[White "Gerzina, Mitja"]
[Black "Salter, David A"]
[Result "1/2-1/2"]
[WhiteElo "2384"]
[BlackElo "2362"]
[PlyCount "57"]
[EventDate "2001.??.??"]
[EventType "tourn (corr)"]
[EventRounds "16"]
[SourceTitle "Corr 2004"]
[Source "ChessBase"]
[SourceDate "2003.04.28"]
[SourceVersion "3"]
[SourceVersionDate "2003.04.28"]
[SourceQuality "1"]

1. e4 e6 2. d4 d5 3. Nc3 Bb4 4. e5 c5 5. a3 Bxc3+ 6. bxc3 Qc7 7. Qg4 f5 8. Qh5+ g6 9. Qd1 Bd7 10. Nf3 Ba4 11. Bd2 Nc6 12. Be2 h6 13. 0-0 c4 14. Nh4 Nge7 15. f4 0-0-0 16. Be3 Rdg8 17. Nf3 Nd8 18. Rb1 Nec6 19. Qc1 Nf7 20. Nd2 g5 21. Bh5 Rh7 22. Rf3 Rhg7 23. Rf2 Qe7 24. Nf1 gxf4 25. Bxf4 Ng5 26. Ng3 b6 27. Qb2 Ne4 28. Nxe4 fxe4 29. Be2 1/2-1/2

[Event "Antonio Roura mem-B corr"]
[Site "LADAC Email"]
[Date "2001.09.30"]
[Round "?"]
[White "Pedersen, Henrik Bolding"]
[Black "Salter, David A"]
[Result "1-0"]
[WhiteElo "2367"]
[BlackElo "2362"]
[PlyCount "135"]
[EventDate "2001.??.??"]
[EventType "tourn (corr)"]
[EventRounds "16"]
[SourceTitle "Corr 2004"]
[Source "ChessBase"]
[SourceDate "2003.04.28"]
[SourceVersion "3"]
[SourceVersionDate "2003.04.28"]
[SourceQuality "1"]

1. e4 e6 2. d4 d5 3. Nd2 Nf6 4. e5 Nfd7 5. Bd3 c5 6. c3 Nc6 7. Ne2 Qb6 8. Nf3 cxd4 9. cxd4 f6 10. exf6 Nxf6 11. 0-0 Bd6 12. b3 0-0 13. Bf4 Bxf4 14. Nxf4 Ne4 15. Ne2 Bd7 16. Rc1 Rad8 17. Ng3 e5 18. Nxe4 Bg4 19. Nc3 Bxf3 20. gxf3 Nxd4 21. Nxd5 Rxd5 22. Bc4 Qd6 23. Rc3 b5 24. Bxd5+ Qxd5 25. Kg2 Qf7 26. Re1 b4 27. Rd3 Qg6+ 28. Kh1 Qf5 29. Ree3 Rf6 30. Qf1 h6 31. f4 Qxf4 32. Qg2 Rf5 33. Rd2 Qh4 34. Rg3 Qe7 35. Qd5+ Qf7 36. Qxf7+ Kxf7 37. Kg2 a5 38. Rd1 g5 39. Re3 h5 40. Rc1 Ne6 41. Rc6 Nf4+ 42. Kf1 Nd5 43. Re2 Nc3 44. Rd2 Rf6 45. Rc7+ Ke6 46. Ra7 Ne4 47. Rc2 Rf3 48. Rxa5 Rc3 49. Re2 Kf5 50. Rb5 g4 51. Kg2 h4 52. Rxb4 h3+ 53. Kf1 Ng5 54. Rc4 Rd3 55. Rc1 Nf3 56. b4 Nxh2+ 57. Kg1 Nf3+ 58. Kh1 Rd4 59. b5 Rb4 60. a4 Kf4 61. Ra1 Nd4 62. Rea2 Ke4 63. a5 Nxb5 64. a6 Na7 65. Ra4 Rd4 66. Rxd4+ exd4 67. Re1+ Kf3 68. Re7 1-0

[Event "Antonio Roura mem-B corr"]
[Site "LADAC Email"]
[Date "2001.09.30"]
[Round "?"]
[White "Salter, David A"]
[Black "Arditi Rocha, Luis Felix"]
[Result "1-0"]
[WhiteElo "2362"]
[BlackElo "2254"]
[PlyCount "59"]
[EventDate "2001.??.??"]
[EventType "tourn (corr)"]
[EventRounds "16"]
[SourceTitle "Corr 2004"]
[Source "ChessBase"]
[SourceDate "2003.04.28"]
[SourceVersion "3"]
[SourceVersionDate "2003.04.28"]
[SourceQuality "1"]

1. Nf3 f5 2. g3 Nf6 3. Bg2 g6 4. d3 Bg7 5. 0-0 d6 6. Nbd2 e5 7. e4 0-0 8. c3 Kh8 9. Re1 Nc6 10. Qc2 f4 11. d4 Nh5 12. d5 Ne7 13. b4 Ng8 14. Bb2 g5 15. c4 Bf6 16. Nb3 g4 17. Nfd2 f3 18. Bf1 Bg5 19. c5 b6 20. cxd6 cxd6 21. Qc6 Rb8 22. Nc4 Rf6 23. Nxd6 Bd7 24. Bxe5 Qe7 25. Qc7 Rbf8 26. Rad1 Ng7 27. Bxf6 Rxf6 28. e5 Rh6 29. Bb5 Nh5 30. Qxd7 1-0

[Event "Antonio Roura mem-B corr"]
[Site "LADAC Email"]
[Date "2001.09.30"]
[Round "?"]
[White "Salter, David A"]
[Black "Milher, Alberto Luis"]
[Result "1-0"]
[WhiteElo "2362"]
[BlackElo "2323"]
[PlyCount "161"]
[EventDate "2001.??.??"]
[EventType "tourn (corr)"]
[EventRounds "16"]
[SourceTitle "Corr 2004"]
[Source "ChessBase"]
[SourceDate "2003.04.28"]
[SourceVersion "3"]
[SourceVersionDate "2003.04.28"]
[SourceQuality "1"]

1. Nf3 c5 2. g3 g6 3. Bg2 Bg7 4. 0-0 Nc6 5. d3 d6 6. e4 Nf6 7. Nbd2 0-0 8. a4 Be6 9. Re1 Re8 10. c3 Qd7 11. Ng5 Rad8 12. Nxe6 Qxe6 13. Nf3 Qd7 14. Bg5 h6 15. Be3 e5 16. h3 b6 17. Qd2 Kh7 18. b4 cxb4 19. cxb4 d5 20. b5 Na5 21. Qc2 Rc8 22. Qb2 d4 23. Bd2 Nb7 24. Rec1 Nc5 25. Ne1 Ng8 26. a5 Ne7 27. Ra3 f5 28. Rb1 Rf8 29. Qa2 Rf6 30. axb6 axb6 31. Ra7 Rc7 32. Rxc7 Qxc7 33. exf5 Nxf5 34. Bb4 Bf8 35. Qc2 Ne6 36. Bxf8 Qxc2 37. Nxc2 Rxf8 38. Re1 Nc5 39. Rxe5 Nxd3 40. Rd5 Nxf2 41. Rd7+ Kh8 42. Nxd4 Ne3 43. Ne6 Rf6 44. Rd8+ Kh7 45. Rd6 Ne4 46. Rxb6 Nxg2 47. Kxg2 Rf2+ 48. Kg1 Rf3 49. Rc6 Rxg3+ 50. Kf1 Rf3+ 51. Ke2 Rb3 52. Nd4 Rc3 53. b6 Rxc6 54. Nxc6 Nc5 55. Ke3 Nb7 56. Ke4 g5 57. Ne5 Kg7 58. Kf5 Nc5 59. Ng4 Nb7 60. Nf6 Kf7 61. Ne4 Kg7 62. Ke6 Kg6 63. Kd7 h5 64. Kc6 Na5+ 65. Kb5 Nb7 66. Ka6 Nd8 67. Ka7 h4 68. Nf2 Kf5 69. Kb8 Nc6+ 70. Kb7 Na5+ 71. Ka6 Nc6 72. b7 Kf4 73. Nd3+ Kf5 74. Nb4 Nb8+ 75. Ka7 Nd7 76. Nd5 Ke6 77. Nb6 Ne5 78. Kb8 Nc6+ 79. Kc7 Nb4 80. Nd7 g4 81. Nc5+ 1-0

[Event "Antonio Roura mem-B corr"]
[Site "LADAC Email"]
[Date "2001.09.30"]
[Round "?"]
[White "Tinture, Laurent"]
[Black "Salter, David A"]
[Result "1/2-1/2"]
[WhiteElo "2373"]
[BlackElo "2362"]
[PlyCount "119"]
[EventDate "2001.??.??"]
[EventType "tourn (corr)"]
[EventRounds "16"]
[SourceTitle "Corr 2004"]
[Source "ChessBase"]
[SourceDate "2003.04.28"]
[SourceVersion "3"]
[SourceVersionDate "2003.04.28"]
[SourceQuality "1"]

1. c4 b6 2. Nc3 Bb7 3. d4 e6 4. a3 f5 5. d5 Nf6 6. g3 Na6 7. Bg2 Nc5 8. Nh3 Bd6 9. 0-0 Be5 10. Qc2 0-0 11. Be3 Nce4 12. Nxe4 Nxe4 13. dxe6 dxe6 14. Rad1 Qf6 15. b4 Rab8 16. Rd3 Rfd8 17. Rfd1 Qe7 18. Rxd8+ Rxd8 19. Rxd8+ Qxd8 20. Ng5 Nxg5 21. Bxb7 Nf7 22. c5 Qd7 23. a4 Qe7 24. Qc4 Nd8 25. Bf3 g5 26. Bg2 Nf7 27. cxb6 cxb6 28. a5 Bc7 29. Qa6 Bd8 30. b5 Qc7 31. axb6 axb6 32. Qa2 Qd6 33. Bc6 Bc7 34. Kg2 h6 35. f4 Nd8 36. Bf3 Nf7 37. Bh5 Bd8 38. h3 Qd7 39. Qa8 Qc7 40. Bd2 Qd7 41. Bc3 Nd6 42. Bf3 Qc8 43. Qxc8 Nxc8 44. Be5 Kf7 45. Bh5+ Ke7 46. e3 Nd6 47. Bg7 Nxb5 48. Bxh6 gxf4 49. exf4 Nc3 50. Bg7 Nd5 51. Bb2 b5 52. Be2 b4 53. Kf3 Kd6 54. g4 Bf6 55. Bxf6 Nxf6 56. Bc4 e5 57. g5 Nh5 58. fxe5+ Kxe5 59. h4 Nf4 60. Ba2 1/2-1/2